000 00703nam a2200205Ia 4500
003 0
005 20250129111703.0
008 150126s9999 xx 000 0 und d
050 _aPGS LC 1099.3
_b.K49 2014
100 _aKim, Jong Ha.
245 _aNationality and academic performance /
_cJong Ha Kim.
260 _aLas PiƱas City, Philippines :
_bSouthville International School and Colleges,
_c2014.
300 _a31 p. :
_bill. ;
_c28 cm.
504 _aIncludes bibliographical references.
650 _aEducation.
650 _aAcademic performance
_vCross-cultural studies.
650 _aMulticultural education
_vResearch.
650 _aNationality
_vEducational aspects.
942 _2lcc
_cPASS
999 _c278596
_d278596